Sobre el Centón epistolario del bachiller Fernán Gómez de Cibdareal y su verdadero autor, el maestro Gil González Dávila / (Record no. 42624)

MARC details
000 -LEADER
campo de control de longitud fija 00868nam a2200217 i 4500
001 - NÚMERO DE CONTROL
campo de control 42624
003 - IDENTIFICADOR DE NÚMERO DE CONTROL
campo de control ES-MaACL
005 - FECHA Y HORA DE LA ÚLTIMA TRANSACCIÓN
campo de control 20250905063038.0
007 - CAMPO FIJO DE DESCRIPCIÓN FÍSICA--INFORMACIÓN GENERAL
campo de control de longitud fija t|
008 - DATOS DE LONGITUD FIJA--INFORMACIÓN GENERAL
campo de control de longitud fija 030313s1875 sp ||||1| spa d
080 ## - NÚMERO DE LA CLASIFICACIÓN DECIMAL UNIVERSAL
Número de la Clasificación Decimal Universal 929 González Dávila, Gil
080 ## - NÚMERO DE LA CLASIFICACIÓN DECIMAL UNIVERSAL
Número de la Clasificación Decimal Universal 929 Vera y Figueroa, Juan Antonio de, Conde de la Roca
100 1# - ENTRADA PRINCIPAL--NOMBRE DE PERSONA
Nombre de persona Castro, Adolfo de,
Fechas asociadas al nombre 1823-1898
9 (RLIN) 36824
245 10 - MENCIÓN DEL TÍTULO
Título Sobre el Centón epistolario del bachiller Fernán Gómez de Cibdareal y su verdadero autor, el maestro Gil González Dávila /
Mención de responsabilidad, etc. por el Excmo. Sr. D. Adolfo de Castro.
260 ## - PUBLICACIÓN, DISTRIBUCIÓN, ETC.
Lugar de publicación, distribución, etc. Sevilla :
Nombre del editor, distribuidor, etc. [s.n.],
Fecha de publicación, distribución, etc. 1875 (
Fabricante G. Álvarez y Cª)
300 ## - DESCRIPCIÓN FÍSICA
Extensión 133 p. ;
Dimensiones 21 cm.
600 14 - PUNTO DE ACCESO ADICIONAL DE MATERIA--NOMBRE DE PERSONA
Nombre de persona Vera y Figueroa, Juan Antonio de,
Títulos y otros términos asociados al nombre Conde de la Roca.
Título de la obra Centón epistolario.
9 (RLIN) 156823
600 04 - PUNTO DE ACCESO ADICIONAL DE MATERIA--NOMBRE DE PERSONA
Nombre de persona González Dávila, Gil.
9 (RLIN) 58527
852 ## - LOCALIZACIÓN
Ubicación ES-MaACL
Número de control de estantería T-1250-F-6
Holdings
Estatus retirado Estado de pérdida Estado de daño No para préstamo Colección Biblioteca de origen Biblioteca actual Ubicación en estantería Fecha de adquisición Fuente de adquisición Total de préstamos Signatura topográfica completa Código de barras Visto por última vez Precio de reemplazo Tipo de ítem Koha
        Colección de folletos Biblioteca del Ateneo de Madrid Biblioteca del Ateneo de Madrid Depósito folletos 17/01/2008     T-1250-F-6 1044869 23/02/2023 23/02/2023 Folleto